00533nam a22001337a 4500003000500000005001700005008004100022040000900063100003900072245020200111260003300313300002400346630002900370ASAB20180827062833.0180510t xxu||||| |||| 00| 0 eng d cASAB aAbdul Ghafar-sup-Dr. Sobia Manzoor aTH-MS-Molecular Detection and Phylogenetic Analysis of Newcastle Disease Virus (NDV) on basic of Fusion protein (F) gene isolated from Poultry in Punjab PakistancAbdul Ghafar-sup-Dr. Sobia Manzoor aIslamabadbASAB (NCVI)c2012 axiii, 103 Pb30 cm  aVirology and Immunology